000 00604nam a2200169 i 4500
001 70953
003 ES-MaACL
005 20230906170957.0
007 t|
008 040804s1904 sp ||||1| spa d
100 1 _aGascón y Guimbao, Domingo.
_955865
245 1 0 _aNuevas construcciones en Madrid :
_bartículos publicados en el periódico "España" en el mes de mayo de 1904 /
_cDomingo Gascón.
260 _aMadrid :
_bHijos de M.G. Hernández,
_c1904.
300 _a23 p. ;
_c21 cm.
650 4 _aUrbanismo-
_zMadrid.
_9143144
852 _aES-MaACL
_jT-1059-F-4
_z- Dedicatoria autógrafa del autor
999 _c70953
_d70953